| 000 | 00964cab a2200217 4500 | ||
|---|---|---|---|
| 001 | X1982 | ||
| 008 | 090401t1995 xxu||||| |||| 00| 0 eng d | ||
| 035 | _a(Sirsi) u20834 | ||
| 041 | _aeng | ||
| 245 | _aRE Vedmay Ltd | ||
| 260 | _c1995 | ||
| 350 | _a0 | ||
| 490 |
_aProperty and Compensation Reports _v(1995) 69 P&CR 247-251(5) |
||
| 520 | _aChD 22 September 1993. Liquidator of insolvent tenant disclaimingg neadelease. Statutory subtenants applying for vesting orders under the Insolvency Act 1986. Whether statutory subtenants had sufficient interestt in the property to make applications under s181 of 1986 Act. Whetherr discontinuance of applications for vesting orders should deprive. Applicants of statutory protection. (Taken from Journal abstract) | ||
| 650 | _aINSOLVENCY ACT 1986 | ||
| 650 | _aLIQUIDATION | ||
| 650 | _aSTATUTORY PROTECTION | ||
| 690 | _aLANDLORD AND TENANT-CASE LAW-BUSINESS TENANCIES | ||
| 942 | _n0 | ||
| 948 | _c04/03/1997 | ||
| 999 |
_c13963 _d13963 |
||